000 00405nam a2200145Ia 4500
008 231129s2004||||xx |||||||||||||| ||spa||
020 _a950-857-020-2
040 _bspa
082 _a658.4092 H339e
100 _aHarvard Business Review
245 0 _aEstrategias de crecimiento
260 _c2004
264 _aBuenos Aires Argentina : Planeta
942 _2ddc
_cBKS
999 _c13582
_d13582